La obra de arte y su interpretación histórico-filosófica (Record no. 57025)
[ view plain ]
| 000 -LEADER | |
|---|---|
| campo de control de longitud fija | 00750nam a2200169 i 4500 |
| 001 - NÚMERO DE CONTROL | |
| campo de control | 57025 |
| 003 - IDENTIFICADOR DE NÚMERO DE CONTROL | |
| campo de control | ES-MaACL |
| 005 - FECHA Y HORA DE LA ÚLTIMA TRANSACCIÓN | |
| campo de control | 20230906163510.0 |
| 007 - CAMPO FIJO DE DESCRIPCIÓN FÍSICA--INFORMACIÓN GENERAL | |
| campo de control de longitud fija | t| |
| 008 - DATOS DE LONGITUD FIJA--INFORMACIÓN GENERAL | |
| campo de control de longitud fija | 031014s1958 sp ||||1| spa d |
| 100 1# - ENTRADA PRINCIPAL--NOMBRE DE PERSONA | |
| Nombre de persona | Díez Blanco, Alejandro. |
| 9 (RLIN) | 44680 |
| 245 13 - MENCIÓN DEL TÍTULO | |
| Título | La obra de arte y su interpretación histórico-filosófica |
| Resto del título | : introducción a una estética axiológica : discurso leído ante la Real Academia de Bellas Artes de Valladolid el 15 de enero de 1958 / |
| Mención de responsabilidad, etc. | por Alejandro Díez Blanco y contestación de Nicomedes Sanz y Ruiz de la Peña. |
| 260 ## - PUBLICACIÓN, DISTRIBUCIÓN, ETC. | |
| Lugar de publicación, distribución, etc. | Valladolid : |
| Nombre del editor, distribuidor, etc. | [s.n., |
| Fecha de publicación, distribución, etc. | 1958] ( |
| Fabricante | Gráf. Andrés Martín) |
| 300 ## - DESCRIPCIÓN FÍSICA | |
| Extensión | 34 p. ; |
| Dimensiones | 21 cm. |
| 700 1# - ENTRADA AGREGADA--NOMBRE PERSONAL | |
| Nombre de persona | Sanz y Ruiz de la Peña, Nicomedes. |
| 9 (RLIN) | 103697 |
| 852 ## - LOCALIZACIÓN | |
| Ubicación | ES-MaACL |
| Número de control de estantería | 1999-F-8 |
| Sublocalización o colección | R.41709 |
| Estatus retirado | Estado de pérdida | Estado de daño | No para préstamo | Colección | Biblioteca de origen | Biblioteca actual | Ubicación en estantería | Fecha de adquisición | Fuente de adquisición | Total de préstamos | Signatura topográfica completa | Código de barras | Visto por última vez | Precio de reemplazo | Tipo de ítem Koha |
|---|---|---|---|---|---|---|---|---|---|---|---|---|---|---|---|
| Colección de folletos | Biblioteca del Ateneo de Madrid | Biblioteca del Ateneo de Madrid | Depósito folletos | 17/01/2008 | 1999-F-8 | 1059879 | 23/02/2023 | 23/02/2023 | Folleto |
